Statistics for Disaster by Picture

Click here to take the quiz!

General Stats

  • This quiz has been taken 49 times
    (18 since last reset)
  • The average score is 7 of 11

Answer Stats

Answer% Correct
911
92%
Death of Diana
92%
Sinking of the Titanic
83%
Chernobyl
75%
Space Shuttle Challenger
75%
JFK Assassination
67%
Hurricane Katrina
50%
Lockerbie Bombing
50%
Tiananmen Square Massacre
50%
Hiroshima Bombing
42%
Piper Alpha / Deepwater Horizon
33%

Score Distribution

Percentile by Number Answered

Percent of People with Each Score

Your Score History

You have not taken this quiz since the last reset